Pokémon TCG Pocket, A1 - Statistiques

Statistiques générales
  • Ce quiz a été pris 181 fois
  • Le résultat moyen est 142 sur 286
Statistiques - réponses
Numéro /226 Type de quiz Booster Pokémon Rareté % Correct
35 Feu Dracaufeu Dracaufeu Rare
91%
1 Plante Mewtwo Bulbizarre Commune
90%
227 Plante Mewtwo Bulbizarre Illustration rare
90%
36 Feu Dracaufeu Dracaufeu Ex EX
90%
253 Feu Dracaufeu Dracaufeu Ex Full Art
90%
280 Feu Dracaufeu Dracaufeu Ex Immersive
90%
284 Feu Dracaufeu Dracaufeu Ex Gold
90%
4 Plante Mewtwo Florizarre Ex EX
87%
251 Plante Mewtwo Florizarre Ex Full Art
87%
2 Plante Mewtwo Herbizarre Peu Commune
86%
283 Psy Aucun Mew Immersive
86%
33 Feu Dracaufeu Salamèche Commune
86%
230 Feu Dracaufeu Salamèche Illustration rare
86%
3 Plante Mewtwo Florizarre Rare
82%
128 Psy Mewtwo Mewtwo Rare
82%
129 Psy Mewtwo Mewtwo Ex EX
82%
262 Psy Mewtwo Mewtwo Ex Full Art
82%
282 Psy Mewtwo Mewtwo Ex Immersive
82%
286 Psy Mewtwo Mewtwo Ex Gold
82%
94 Electrique Pikachu Pikachu Commune
82%
96 Electrique Pikachu Pikachu Ex EX
82%
259 Electrique Pikachu Pikachu Ex Full Art
82%
281 Electrique Pikachu Pikachu Ex Immersive
82%
285 Electrique Pikachu Pikachu Ex Gold
82%
34 Feu Dracaufeu Reptincel Peu Commune
82%
55 Eau Pikachu Tortank Rare
78%
56 Eau Pikachu Tortank Ex EX
78%
256 Eau Pikachu Tortank Ex Full Art
78%
53 Eau Pikachu Carapuce Commune
76%
232 Eau Pikachu Carapuce Illustration rare
76%
54 Eau Pikachu Carabaffe Peu Commune
74%
95 Electrique Pikachu Raichu Rare
72%
46 Feu Dracaufeu Sulfura Rare
70%
47 Feu Dracaufeu Sulfura Ex EX
70%
255 Feu Dracaufeu Sulfura Ex Full Art
70%
274 Feu Dracaufeu Sulfura Ex Rainbow
70%
5 Plante Pikachu Chenipan Commune
69%
7 Plante Pikachu Papilusion Rare
68%
83 Eau Mewtwo Artikodin Rare
67%
84 Eau Mewtwo Artikodin Ex EX
67%
258 Eau Mewtwo Artikodin Ex Full Art
67%
275 Eau Mewtwo Artikodin Ex Rainbow
67%
8 Plante Mewtwo Aspicot Commune
67%
40 Feu Pikachu Arcanin Rare
66%
41 Feu Pikachu Arcanin Ex EX
66%
254 Feu Pikachu Arcanin Ex Full Art
66%
103 Electrique Pikachu Electhor Rare
66%
104 Electrique Pikachu Electhor Ex EX
66%
260 Electrique Pikachu Electhor Ex Full Art
66%
276 Electrique Pikachu Electhor Ex Rainbow
66%
6 Plante Pikachu Chrysacier Commune
65%
220 Dresseur Pikachu Ondine Peu Commune
65%
267 Dresseur Pikachu Ondine Full Art
65%
184 Dragon Mewtwo Draco Peu Commune
64%
9 Plante Mewtwo Coconfort Commune
63%
206 Incolore Dracaufeu Evoli Commune
63%
207 Incolore Mewtwo Evoli Commune
63%
208 Incolore Pikachu Evoli Commune
63%
248 Incolore Pikachu Evoli Illustration rare
63%
185 Dragon Mewtwo Dracolosse Rare
62%
244 Dragon Mewtwo Dracolosse Illustration rare
62%
145 Combat Dracaufeu Mackogneur Rare
62%
146 Combat Dracaufeu Mackogneur Ex EX
62%
263 Combat Dracaufeu Mackogneur Ex Full Art
62%
278 Combat Dracaufeu Mackogneur Ex Rainbow
62%
39 Feu Pikachu Caninos Commune
61%
122 Psy Mewtwo Ectoplasma Rare
61%
123 Psy Mewtwo Ectoplasma Ex EX
61%
261 Psy Mewtwo Ectoplasma Ex Full Art
61%
277 Psy Mewtwo Ectoplasma Ex Rainbow
61%
23 Plante Dracaufeu Noadkoko Ex EX
61%
252 Plante Dracaufeu Noadkoko Ex Full Art
61%
194 Incolore Pikachu Grodoudou Commune
60%
195 Incolore Pikachu Grodoudou Ex EX
60%
265 Incolore Pikachu Grodoudou Ex Full Art
60%
279 Incolore Pikachu Grodoudou Ex Rainbow
60%
78 Eau Pikachu Léviator Rare
60%
233 Eau Pikachu Léviator Illustration rare
60%
22 Plante Dracaufeu Noadkoko Rare
60%
224 Dresseur Pikachu Pierre Peu Commune
60%
271 Dresseur Pikachu Pierre Full Art
60%
102 Electrique Pikachu Voltali Rare
60%
80 Eau Mewtwo Aquali Rare
59%
152 Combat Mewtwo Ossatueur Peu Commune
59%
153 Combat Mewtwo Ossatueur Ex EX
59%
264 Combat Mewtwo Ossatueur Ex Full Art
59%
75 Eau Dracaufeu Staross Peu Commune
59%
76 Eau Dracaufeu Staross Ex EX
59%
257 Eau Dracaufeu Staross Ex Full Art
59%
120 Psy Mewtwo Fantominus Commune
58%
183 Dragon Mewtwo Minidraco Commune
58%
12 Plante Dracaufeu Ortide Peu Commune
58%
228 Plante Dracaufeu Ortide Illustration rare
58%
193 Incolore Pikachu Rondoudou Commune
58%
211 Incolore Pikachu Ronflex Rare
58%
250 Incolore Pikachu Ronflex Illustration rare
58%
188 Incolore Mewtwo Roucarnage Rare
58%
245 Incolore Mewtwo Roucarnage Illustration rare
58%
186 Incolore Mewtwo Roucool Commune
58%
187 Incolore Mewtwo Roucoups Commune
58%
121 Psy Mewtwo Spectrum Peu Commune
58%
74 Eau Dracaufeu Stari Commune
58%
43 Feu Tous Galopa Peu Commune
57%
231 Feu Dracaufeu Galopa Illustration rare
57%
143 Combat Dracaufeu Machoc Commune
57%
144 Combat Dracaufeu Machopeur Peu COmmune
57%
11 Plante Dracaufeu Mystherbe Commune
57%
21 Plante Dracaufeu Noeunoeuf Commune
57%
45 Feu Dracaufeu Pyroli Rare
57%
13 Plante Dracaufeu Rafflesia Rare
57%
77 Eau Pikachu Magicarpe Commune
56%
225 Dresseur Dracaufeu Morgane Peu Commune
56%
272 Dresseur Dracaufeu Morgane Full Art
56%
151 Combat Mewtwo Osselait Commune
56%
239 Combat Mewtwo Osselait Illustration rare
56%
42 Feu Tous Ponyta Commune
56%
117 Psy Dracaufeu Alakazam Rare
55%
236 Psy Dracaufeu Alakazam Illustration rare
55%
18 Plante Dracaufeu Chétiflor Commune
55%
19 Plante Dracaufeu Boustiflor Peu Commune
54%
147 Combat Pikachu Racaillou Commune
54%
44 Feu Dracaufeu Magmar Commune
53%
189 Incolore Tous Rattata Commune
53%
176 Obscure Mewtwo Smogo Commune
53%
177 Obscure Mewtwo Smogogo Rare
53%
243 Obscure Mewtwo Smogogo Illustration rare
53%
115 Psy Dracaufeu Abra Commune
52%
100 Electrique Pikachu Electrode Peu COmmune
52%
235 Electrique Pikachu Electrode Illustration rare
52%
20 Plante Dracaufeu Empiflor Rare
52%
148 Combat Pikachu Gravalanch Peu Commune
52%
196 Incolore Dracaufeu Miaouss Commune
52%
246 Incolore Dracaufeu Miaouss Illustration rare
52%
223 Dresseur Mewtwo Giovanni Peu Commune
51%
270 Dresseur Mewtwo Giovanni Full Art
51%
149 Combat Pikachu Grolem Rare
51%
116 Psy Dracaufeu Kadabra Peu Commune
51%
190 Incolore Tous Rattatac Commune
51%
99 Electrique Pikachu Voltorbe Commune
51%
132 Psy Mewtwo Gardevoir Rare
50%
203 Incolore Dracaufeu Kangourex Rare
50%
79 Eau Dracaufeu Lokhlass Rare
50%
234 Eau Dracaufeu Lokhlass Illustration rare
50%
98 Electrique Pikachu Magnéton Rare
50%
97 Electrique Pikachu Magnéti Commune
49%
171 Obscure Pikachu Nidoking Rare
49%
241 Obscure Pikachu Nidoking Illustration rare
49%
168 Obscure Pikachu Nidoqueen Rare
49%
240 Obscure Pikachu Nidoqueen Illustration rare
49%
130 Psy Mewtwo Tarsal Commune
48%
139 Combat Pikachu Taupiqueur Commune
48%
238 Combat Pikachu Taupiqueur Illustration rare
48%
205 Incolore Mewtwo Métamorph Rare
47%
247 Incolore Mewtwo Métamorph Illustration rare
47%
167 Obscure Pikachu Nidorina Peu Commune
47%
170 Obscure Pikachu Nidorino Peu Commune
47%
164 Obscure Tous Abo Commune
46%
221 Dresseur Dracaufeu Auguste Peu Commune
46%
268 Dresseur Dracaufeu Auguste Full Art
46%
219 Dresseur Dracaufeu Erika Peu Commune
46%
266 Dresseur Dracaufeu Erika Full Art
46%
38 Feu Dracaufeu Feunard Peu Commune
46%
37 Feu Dracaufeu Goupix Commune
46%
131 Psy Mewtwo Kirlia Peu Commune
46%
222 Dresseur Mewtwo Koga Peu Commune
46%
269 Dresseur Mewtwo Koga Full Art
46%
166 Obscure Pikachu Nidoran Commune
46%
169 Obscure Pikachu Nidoran Commune
46%
150 Combat Pikachu Onix Peu Commune
46%
10 Incolore Mewtwo Ptéra Rare
46%
226 Dresseur Pikachu Major Bob Peu Commune
45%
273 Dresseur Pikachu Major Bob Full Art
45%
197 Incolore Dracaufeu Persian Peu Commune
45%
174 Obscure Mewtwo Tadmorv Commune
45%
198 Incolore Tous Canarticho Commune
44%
101 Electrique Pikachu Elektek Commune
44%
175 Obscure Mewtwo Grotadmorv Rare
44%
26 Plante Tous Scarabrute Peu Commune
43%
229 Plante Dracaufeu Scarabrute Illustration rare
43%
204 Incolore Dracaufeu Tauros Peu Commune
43%
58 Eau Tous Akwakwak Peu Commune
42%
82 Eau Pikachu Amonistar Rare
42%
165 Obscure Tous Arbok Peu Commune
42%
158 Combat Dracaufeu Kabuto Peu Commune
42%
159 Combat Dracaufeu Kabutops Rare
42%
16 Plante Mewtwo Mimitoss Commune
42%
57 Eau Tous Psykokwak Commune
42%
17 Plante Mewtwo Aéromite Peu Commune
41%
81 Eau Pikachu Amonita Peu Commune
41%
89 Eau Dracaufeu Amphinobi Rare
41%
154 Combat Mewtwo Kicklee Commune
41%
127 Psy Mewtwo Lippoutou Commune
41%
72 Eau Pikachu Poissirène Commune
41%
155 Combat Dracaufeu Tygnon Commune
41%
25 Plante Mewtwo Insécateur Commune
40%
Plante Pikachu Paras Commune
40%
15 Plante Pikachu Parasect Peu Commune
40%
118 Psy Tous Ramoloss Commune
40%
237 Psy Dracaufeu Ramoloss Illustration rare
40%
181 Acier Dracaufeu Meltan Commune
39%
173 Obscure Mewtwo Nosferalto Peu Commune
39%
242 Obscure Mewtwo Nosferalto Illustration rare
39%
199 Incolore Tous Doduo Commune
38%
87 Eau Dracaufeu Grenousse Commune
38%
125 Psy Pikachu Hypnomade Rare
38%
68 Eau Mewtwo Krabby Commune
38%
202 Incolore Pikachu Leveinard Peu Commune
38%
182 Acier Dracaufeu Melmetal Rare
38%
113 Psy Pikachu Mélofée Commune
38%
172 Obscure Mewtwo Nosferapti Commune
38%
191 Incolore Dracaufeu Piafabec Commune
38%
73 Eau Pikachu Poissoroy Commune
38%
209 Incolore Mewtwo Porygon Peu Commune
38%
249 Incolore Mewtwo Porygon Illustration rare
38%
192 Incolore Dracaufeu Rapasdepic Commune
38%
24 Plante Dracaufeu Saquedeneu Commune
38%
124 Psy Pikachu Soporifik Commune
38%
61 Eau Dracaufeu Tartard Rare
38%
119 Psy Tous Flagadoss Peu Commune
37%
69 Eau Mewtwo Krabboss Peu Commune
37%
114 Psy Pikachu Mélodelfe Peu Commune
37%
138 Combat Tous Sablaireau Peu Commune
37%
64 Eau Pikachu Otaria Commune
36%
59 Eau Dracaufeu Ptitard Commune
36%
88 Eau Dracaufeu Croâporal Peu Commune
35%
67 Eau Mewtwo Crustabri Peu Commune
35%
65 Eau Pikachu Lamantine Peu Commune
35%
126 Psy Mewtwo M. Mime Peu Commune
35%
137 Combat Tous Sabelette Commune
35%
106 Electrique Tous Zéblitz Peu Commune
35%
200 Incolore Tous Dodrio Peu Commune
34%
201 Incolore Mewtwo Excelangue Peu Commune
34%
66 Eau Mewtwo Kokiyas Commune
34%
156 Combat Mewtwo Rhinocorne Commune
34%
62 Eau Mewtwo Tentacool Commune
34%
63 Eau Mewtwo Tentacruel Peu Commune
34%
60 Eau Dracaufeu Têtarte Peu Commune
34%
105 Electrique Tous Zébibron Commune
34%
52 Feu Tous Scolocendre Peu Commune
32%
141 Combat Dracaufeu Férosinge Commune
31%
142 Combat Dracaufeu Colossinge Peu Commune
30%
110 Electrique Tous Galvaran Commune
30%
71 Eau Pikachu Hypocéan Peu Commune
30%
70 Eau Pikachu Hypotrempe Commune
30%
157 Combat Mewtwo Rhinoféros Peu Commune
30%
179 Acier Tous Scalpion Commune
30%
180 Acier Tous Scalproie Peu Commune
30%
111 Electrique Tous Iguolta Commune
29%
108 Electrique Mewtwo Lampéroi Peu Commune
29%
107 Electrique Mewtwo Anchwatt Commune
28%
50 Feu Mewtwo Malamandre Commune
28%
109 Electrique Mewtwo Ohmassacre Rare
28%
49 Feu Mewtwo Tritox Commune
27%
178 Acier Dracaufeu Mysdibule Commune
26%
112 Electrique Tous Wattapik Peu Commune
26%
30 Plante Tous Fragilady Peu Commune
25%
48 Feu Tous Aflamanoir Commune
24%
51 Feu Tous Grillepattes Commune
24%
27 Plante Tous Doudouvet Commune
23%
135 Psy Tous Gringolem Commune
23%
93 Eau Tous Beldeneige Peu Commune
22%
29 Plante Tous Chlorobule Commune
21%
85 Eau Dracaufeu Couaneton Commune
21%
32 Plante Dracaufeu Chevroum Commune
20%
28 Plante Tous Farfaduvet Peu Commune
20%
92 Eau Tous Frissonille Commune
20%
91 Eau Tous Denticrisse Peu Commune
19%
136 Psy Tous Golemastoc Peu Commune
19%
86 Eau Dracaufeu Lackmécygne Peu Commune
19%
31 Plante Dracaufeu Cabriolaine Commune
18%
217 Dresseur Dracaufeu Fossile Dôme Commune
18%
216 Dresseur Pikachu Fossile Nautile Commune
18%
214 Incolore Tous Moumouton Commune
18%
213 Incolore Tous Pashmilla Peu Commune
18%
212 Incolore Tous Chinchidou Commune
17%
162 Combat Tous Poulpaf Commune
17%
161 Combat Pikachu Shaofouine Peu Commune
17%
218 Dresseur Mewtwo Vieil Ambre Commune
17%
133 Psy Tous Chovsourir Commune
16%
163 Combat Tous Krakos Peu Commune
16%
160 Combat Pikachu Kungfouine Commune
16%
134 Psy Tous Rhinolove Commune
16%
215 Incolore Tous Moumouflon Commune
15%
10 Plante Mewtwo Dardargan Rare
14%
90 Eau Dracaufeu Cocombaffe Commune
13%
140 Combat Pikachu Tripikeur Peu Commune
10%
Aucun quiz correspondant
Distribution des résultats
% des personnes avec chaque résultat
Percentile par nombre de réponses
Votre historique - résultats
Vous n’avez pas pris ce quiz